000 00421cam a2200169ua 4500
020 _c12.00
041 _amal
_h
082 _a591
_bADI/PR
100 _aAdiyodi, K G .
245 _aPrathamika janthusasthram /
_cK G Adiyodi.
_hTextual Documents
260 _aThrissur :
_bKerala Sahitya Academy ,
_c1967.
300 _a503 ;
_eAtlas.
365 _a12.00
504 _a
942 _cBK
999 _c5298
_d5298